书目信息 |
| 题名: |
庭园沼气高效生产与利用
|
|
| 作者: | 邱凌 编著 | |
| 分册: | ||
| 出版信息: | 北京 科学技术文献出版社 2007 |
|
| 页数: | 357页 | |
| 开本: | 21cm | |
| 丛书名: | ||
| 单 册: | ||
| 中图分类: | S216.4 | |
| 科图分类: | ||
| 主题词: | 农村--甲烷--应用--基本知识 , 农村 , 甲烷 | |
| 电子资源: | ||
| ISBN: | 978-7-5023-5669-9 | |
| 000 | 00832nam0 2200241 45 | |
| 005 | 20100303150950.59 | |
| 010 | @a978-7-5023-5669-9@dCNY16.00 | |
| 100 | @a20100121d2007 ekmy0chiy0120 ea | |
| 101 | 0 | @achi |
| 102 | @aCN@b110000 | |
| 105 | @ay z 000yy | |
| 106 | @ar | |
| 200 | 1 | @a庭园沼气高效生产与利用@ATing Yuan Zhao Qi Gao Xiao Sheng Chan Yu Li Yong@f邱凌编著@FQiu Ling Bian Zhu |
| 210 | @a北京@c科学技术文献出版社@d2007 | |
| 215 | @a357页@d21cm | |
| 330 | @a本书介绍了农村庭园沼气高效生产与利用技术,包括沼气发展及其效应、沼气的基本特性、庭园沼气系统优化设计、庭园沼气系统建设、沼气发酵原理与工艺等内容。 | |
| 606 | 0 | @a农村@x甲烷@x应用@x基本知识 |
| 606 | 0 | @a农村 |
| 606 | 0 | @a甲烷 |
| 690 | @aS216.4@v4 | |
| 701 | 0 | @a邱凌@AQiu Ling@4编著 |
| 801 | 0 | @aCN@bTANGWEI@c20100303 |
| 905 | @b0585170-74@dS216.4@e43@f5 | |
| 庭园沼气高效生产与利用/邱凌编著.-北京:科学技术文献出版社,2007 |
| 357页;21cm |
| ISBN 978-7-5023-5669-9:CNY16.00 |
| 本书介绍了农村庭园沼气高效生产与利用技术,包括沼气发展及其效应、沼气的基本特性、庭园沼气系统优化设计、庭园沼气系统建设、沼气发酵原理与工艺等内容。 |
| ● |
| 相关链接 |
|
|
|
|
正题名:庭园沼气高效生产与利用
索取号:S216.4/43
 
预约/预借
| 序号 | 登录号 | 条形码 | 馆藏地/架位号 | 状态 | 备注 |
| 1 | 0585170 | 205851700 | 第二样本阅览室/ [索取号:S216.4/43] | 在馆 | |
| 2 | 0585171 | 205851719 | 第三借阅区/ [索取号:S216.4/43] | 在馆 | |
| 3 | 0585172 | 205851728 | 第三借阅区/ [索取号:S216.4/43] | 在馆 | |
| 4 | 0585173 | 205851737 | 第三借阅区/ [索取号:S216.4/43] | 在馆 | |
| 5 | 0585174 | 205851746 | 第三借阅区/ [索取号:S216.4/43] | 在馆 |